El desarrollo ¿progreso o ilusión?: aportes para el debate desde el ámbito rural
Saved in:
| Hovedforfatter: | |
|---|---|
| Format: | Bog |
| Sprog: | spansk |
| Udgivet: |
Bogotá
Pontificia Universidad Javeriana
2007
|
| Udgivelse: | 1a. ed |
| Fag: | |
| Tags: |
Tilføj Tag
Ingen Tags, Vær først til at tagge denne postø!
|
MARC
| LEADER | 00000nam a2200000 a 4500 | ||
|---|---|---|---|
| 001 | UCI9146 | ||
| 003 | CL-VaPUC | ||
| 008 | 081024e20070000CK |||||||||||||||||spa|d | ||
| 020 | |a 9789587160239 | ||
| 082 | 0 | 4 | |a 338.9 |b CAS |2 21 |
| 100 | 0 | |a Castillo Ospina, Olga Lucía |e author |9 532760 | |
| 245 | 1 | 3 | |a El desarrollo ¿progreso o ilusión?: aportes para el debate desde el ámbito rural |
| 250 | |a 1a. ed | ||
| 300 | |a 193 p | ||
| 942 | |c BK | ||
| 945 | |d 20081024 00:00:00 |a jtorresc | ||
| 260 | |a Bogotá |b Pontificia Universidad Javeriana |c 2007 | ||
| 650 | 0 | |a Desarrollo económico y social |9 256320 | |
| 650 | 7 | |a POLITICAS DE DESARROLLO |2 CL-VaPUC |9 345187 | |
| 650 | 7 | |a PROGRAMAS DE DESARROLLO |2 CL-VaPUC |9 335854 | |
| 650 | 0 | |a Aspectos sociales |9 254894 | |
| 650 | 0 | |a Cooperación internacional |9 255447 | |
| 650 | 7 | |a DESARROLLO RURAL |2 CL-VaPUC |9 532761 | |
| 650 | 0 | |a Crecimiento económico |9 314037 | |
| 583 | |a last modification |c 20081024 00:00:00 |k Rodrigo Vera | ||
| 999 | |c 331756 |d 331754 | ||
| 952 | |0 0 |1 0 |4 0 |6 338_900000000000000_CAS_2007 |7 0 |8 A |9 418834 |a BIBHIS |b BIBHIS |d 2019-11-22 |i 4492412 |o 338.9 CAS 2007 |p 4492412 |r 2025-01-20 |w 2019-11-22 |y BK |k HIS | ||